Перейти до змісту

Математическое моделирование

В учебном пособии изложены методологические аспекты построения и применения математических моделей в теории и практике, представлены основы математического моделирования, модели математического программирования, линейного, нелинейного, динамического программирования, модели управления запасами, экон...

Повний опис

Збережено в:
Бібліографічні деталі
Автор: Каштаева С. В.
Формат: Книга
Мова:Russian
Опубліковано: Пермь ПГАТУ 2020
Онлайн доступ:https://e.lanbook.com/book/156708
https://e.lanbook.com/img/cover/book/156708.jpg
Теги: Додати тег
Немає тегів, Будьте першим, хто поставить тег для цього запису!
LEADER 02402nam0a2200265 i 4500
001 156708
003 RuSpLAN
005 20221220174107.0
008 221220s2020 ru gs 000 0 rus
020 |a 978-5-94279-487-3 
040 |a RuSpLAN 
041 0 |a rus 
044 |a ru 
080 |a 330.322.013 
084 |a 65.263  |2 rubbk 
245 0 0 |a Математическое моделирование  |c Каштаева С. В. 
260 |a Пермь  |b ПГАТУ  |c 2020 
300 |a 112 с. 
504 |a Библиогр.: доступна в карточке книги, на сайте ЭБС Лань 
520 8 |a В учебном пособии изложены методологические аспекты построения и применения математических моделей в теории и практике, представлены основы математического моделирования, модели математического программирования, линейного, нелинейного, динамического программирования, модели управления запасами, экономико-статистические модели и основы имитационного моделирования. Имеются вопросы и задания для самоконтроля по разделам и для подготовки к промежуточной аттестации. Учебное пособие предназначено для обучающихся высших учебных заведений по направлению подготовки 09.03.03 Прикладная информатика, направленность (профиль) «Прикладная информатика в экономике», а также может быть использовано специалистами предприятий агропромышленного комплекса, преподавателями и аспирантами сельскохозяйственных вузов 
521 8 |a Книга из коллекции ПГАТУ - Математика 
100 1 |a Каштаева С. В. 
856 4 |u https://e.lanbook.com/book/156708 
856 4 8 |u https://e.lanbook.com/img/cover/book/156708.jpg 
953 |a https://e.lanbook.com/img/cover/book/156708.jpg 
Cannot write session to /tmp/vufind_sessions/sess_7mftpa30786gp4t8r007coubj5